00624nam a2200169 i 450000100060000000300090000600500170001500700030003200800410003510000370007624501060011326000420021930000220026185200320028399900170031595201220033273571ES-MaACL20230906171845.0t|040908s1967 sp ||||1| spa d1 aGómez Lucía, César.95802210aAyer y hoy del tráfico aéreo español b: experiencias y anécdotas /cCésar Gómez Lucía. aMadrid : bAfrodisio Aguado, c[1967] a223 p. ; c21 cm. aES-MaACLjC-34197 bR.64479 c73571d73571 00104070aATENEOMbATENEOMcDEPO2d2008-01-17eSCl0oC-34197p1077006r2023-02-23 00:00:00w2023-02-23yMONOGRAFIA